Obras de Fray Luis de Granada / (Record no. 94989)

MARC details
000 -LEADER
campo de control de longitud fija 01617nam a2200193 i 4500
001 - NÚMERO DE CONTROL
campo de control 94989
003 - IDENTIFICADOR DE NÚMERO DE CONTROL
campo de control ES-MaACL
005 - FECHA Y HORA DE LA ÚLTIMA TRANSACCIÓN
campo de control 20250823063047.0
007 - CAMPO FIJO DE DESCRIPCIÓN FÍSICA--INFORMACIÓN GENERAL
campo de control de longitud fija t|
008 - DATOS DE LONGITUD FIJA--INFORMACIÓN GENERAL
campo de control de longitud fija 050519m1906 sp ||||1| spa d
100 0# - ENTRADA PRINCIPAL--NOMBRE DE PERSONA
Nombre de persona Luis de Granada,
Títulos y otros términos asociados al nombre (O.P.),
Fechas asociadas al nombre 1504-1588
9 (RLIN) 74687
245 10 - MENCIÓN DEL TÍTULO
Título Obras de Fray Luis de Granada /
Mención de responsabilidad, etc. edición crítica y completas por Fr. Justo Cuervo.
260 ## - PUBLICACIÓN, DISTRIBUCIÓN, ETC.
Lugar de publicación, distribución, etc. Madrid :
Nombre del editor, distribuidor, etc. Vda. e Hija de Gómez Fuentenebro,
Fecha de publicación, distribución, etc. 1906-
300 ## - DESCRIPCIÓN FÍSICA
Extensión 14 v. ;
Dimensiones 26 cm.
505 8# - NOTA DE CONTENIDO CON FORMATO
Nota de contenido con formato Contiene: I. Guía de Pecadores -- II. Libro de la Oración y meditación -- III. Memorial de la Vida Cristiana -- IV. Adiciones al Memorial de la Vida Cristiana -- V-IX. Introducción del Simbolo de la Fé -- X. Guía de Pecadores (texto primitivo).- Tratado de la Oración y Meditación (Compendio) -- XI. Manual de Oraciones.- Manual de oraciones (ampliado).- Memorial de lo que debe hacer el cristiano.- Tratado de algunas oraciones.- Vita Christi.- Tratado de Meditación.- Recopilación del Libro de la Oración -- XII. Imitación de Cristo.- Escala Espiritual.- Oraciones y ejercicios espirituales -- XIII. Compendio de Doctrina Cristiana (trad. del P. Cuervo) -- XIV. Doctrina Espiritual.- Diálogo de la Encarnación.- Sermón de la Redención. Vida del B. Juan de Avila.- Vida del V.D. Fr. Bartolomé de los Martires. Vida del Cardenal D. Enrique, rey de Portugal.- Vida de Sor Ana de la Concepcion, franciscana.- Vida de Doña Elvira de Mendoza.- Vida de Melicia Hernández.- Cartas.- Sermón en las caidas públicas
700 1# - ENTRADA AGREGADA--NOMBRE PERSONAL
Nombre de persona Cuervo, Justo.
9 (RLIN) 42016
852 ## - LOCALIZACIÓN
Ubicación ES-MaACL
Número de control de estantería G-3994-4007
Holdings
Estatus retirado Estado de pérdida Estado de daño No para préstamo Biblioteca de origen Biblioteca actual Ubicación en estantería Fecha de adquisición Fuente de adquisición Total de préstamos Signatura topográfica completa Código de barras Visto por última vez Precio de reemplazo Tipo de ítem Koha
        Biblioteca del Ateneo de Madrid Biblioteca del Ateneo de Madrid Depósito 2 17/01/2008     G-3994-4007 1099197 23/02/2023 23/02/2023 Libro impreso